000 01164cam a2200169 4500500
005 20260322004648.0
041 _afre
042 _adc
100 1 0 _aCussó, Roser
_eauthor
700 1 0 _aPorta, J.
_eauthor
245 0 0 _aFront matter
260 _c2025.
500 _a87
520 _aThis article examines European climate negotiations between 1989 and 1992 and seeks to identify the characteristics of these negotiations conducted within a specific regional and global context: the end of the Cold War, the strengthening of European integration, and the rise of the global climate regime, on the eve of the Earth Summit held in Rio de Janeiro, Brazil. By providing a historical perspective on these negotiations, the aim is to highlight the framework in which they took place, identify their nature, and emphasise their impact on both the history of the EC/EU integration process and the political history of the environment.
786 0 _nHistoire, Europe et relations internationales | - | 2 | 2025-12-15 | p. 2-5
856 4 1 _uhttps://shs.cairn.info/journal-histoire-europe-et-relations-internationales-2025-2-page-2?lang=en&redirect-ssocas=7080
999 _c1742005
_d1742004